000 00713nam a22002057a 4500
005 20250610110644.0
010 _aENG-145265
020 _c600.00
_a9789354454479
035 _aEN-128797
037 _bDBAD
082 _a323.4
_21
245 _aLegal Dimension of Human Rights in the technological Realm/
_cEdited By Wasantha Seneviratne [and] Sourabh Ubale
250 _a1
260 _aSri Lanka
_bThe Centre for the Study of Human Rights (CSHR)
_c2021
270 _aFaculty of Law, University of Colombo
_bSri Lanka
300 _aviii, 240p.
_c29cm(pb)
700 _aSeneviratne, Wasantha
_eEditor
_981817
700 _aUbale, Sourabh
_eEditor
_981818
942 _2ddc
_cEN
_mLEG
_h323.4
999 _c211685
_d211685